Billboard Hot 100: 1-Word #1 hits A-Z - Statistics

General Stats
  • This quiz has been taken 92 times
    30 since last reset
  • The average score is 6 of 22
Answer Stats
Hint Answer % Correct
H Happy / Havana / Heartbreaker / Heartless / Heaven / Hello (2x) / Help! / Hero / Hiss / Honey (2x) / Human / Humble / Hypnotize
82%
B Babe / Bad / Bailamos / Batdance / Believe / Ben / Bent / Bootylicious / Brandy / Burn / Butter / Butterfly
64%
S SOS / Sad! / Sailing / Sara / Satisfied / Savage / Senorita / Seven / SexyBack / Shakedown / Shallow / Sheila / Sherry / Shout / Sledgehammer / Smooth / Someday / Sorry / Starboy / Stay (3x) / Still / Stronger (2x) / Stutter / Sucker / Sukiyaki / Sundown / Sunflower / Superstition / Surrender / Sussudio
55%
A ABC / Abracadabra / Africa / Again / Alone / Always / Amanda / Amazed / Angel / Angie / Aperture
45%
D Despacito / Diamonds / Dilemma / Disturbia / Dizzy / Dominique / Down / Downtown / Dreamlover / Dreams / Dynamite
36%
W WAP / Wannabe / War / Waterfalls / Weak / Whistle / Why / Willow / Windy / Womanizer / Work
36%
Y Yeah! / Yesterday
36%
F Faith / Fallin / Fame / Fancy / Fantasy / Fingertips / Fire / Fireflies / Firework / Flowers / Foolish / Footloose / Fortnight / Franchise / Frankenstein / Funkytown
32%
R Rapstar / Rapture / Respect / Reunited / Ridin / Ringo / Rise / Roar / Rockstar (2x) / Romantic / Royals / Rude / Runaway
32%
C Calcutta / Cardigan / Carnival / Celebration / Centerfold / Cheerleader / Cherish / Circles / Closer / Convoy / Cream / Creep
27%
J Joyride / Jump (2x)
27%
K Kiss / Kokomo / Kyrie
27%
U Umbrella / Unbelievable / Unholy / Unpretty / Up
27%
G Ghostbusters / Girlfriend / Glamorous / Golden / Goodies / Grease / Grenade / Grillz / Groovin'
18%
L Lady / Lately / Lollipop / Low / Luther
18%
O OMG / Ordinary
18%
V Vampire / Venus (3x) / Vogue / Volare
18%
M MMMBop / Macerena / Magic / Manchild / Mandy / Maneater / Maniac / Michael / Mickey / Monkey / Montero / Mood / Music
14%
P Panda / Peaches / Perfect / Photograph / Physical / Pillowtalk / Positions / Promiscuous / Psycho
14%
I Incomplete / Informer / Irreplaceable
9%
T 3 / TSOP / Telstar / Timber / Tragedy / Trollz / Truly
5%
E E.T. / Emotions / Escapade / Escape / Exhale
5%
No matching quizzes found
Score Distribution
Percent of People with Each Score
Percentile by Number Answered
Your Score History
You have not taken this quiz since the last reset